[Event "Challenge"]
[Site "http://www.queenalice.com/game.php?id=1256955"]
[Date "2014.2.15"]
[Round "-"]
[White "theblackfox"]
[Black "felipesouza"]
[Result "0-1"]
[WhiteElo "2105"]
[BlackElo "2276"]

1. e4 e5 2. Nf3 Nf6 3. Nxe5 d6 4. Nf3 Nxe4 5. d4 d5 6. Qd3 c6 7. Bf4 Bf5 8. Nc3
Ng3 9. Qd2 Nxh1 10. O-O-O Be7 11. Bd3 Bxd3 12. Qxd3 Nxf2 13. Qf5 Nxd1 14. Kxd1
Qd7 15. Qe5 O-O 16. g3 Bb4 17. Ng5 Re8 18. Qc7 Qg4+ 19. Kd2 Bxc3+ 20. bxc3 Qd7
21. Qa5 f6 22. Nf3 Qg4 23. Ng1 Na6 24. h3 Qe6 25. c4 dxc4 26. Kc3 Qe1+ 27. Bd2
Qxg1 28. g4 Qa1+ 29. Kxc4 b5+ 30. Kb3 Qxd4 31. Bc3 Nc5+ 32. Kb2 Na4+ 33. Kb3
Qc4+ 34. Ka3 Nxc3 35. Qb4 Qxa2# 0-1

[Event "Challenge"]
[Site "http://www.queenalice.com/game.php?id=1256956"]
[Date "2014.2.15"]
[Round "-"]
[White "felipesouza"]
[Black "theblackfox"]
[Result "1-0"]
[WhiteElo "2239"]
[BlackElo "2105"]

1. d4 d5 2. c4 Nc6 3. Nf3 Bf5 4. Nc3 Nb4 5. Qa4+ Nc6 6. cxd5 Bd7 7. dxc6 Bxc6 8.
Qd1 Nf6 9. Ne5 Bd5 10. Nxd5 Qxd5 11. e3 e6 12. Be2 Qxg2 13. Bf3 Qh3 14. Qa4+ c6
15. Bxc6+ Kd8 16. Bxb7 Rb8 17. Qa5+ Ke7 18. Qc7+ Nd7 19. Qxd7+ Kf6 20. Qxf7+ Kg5
21. Rg1+ Kh4 22. Qf4+ Kh5 23. Qg5# 1-0

[Event "Let's Play Chess!"]
[Site "http://www.queenalice.com/game.php?id=1275194"]
[Date "2014.4.23"]
[Round "-"]
[White "bluemoon"]
[Black "theblackfox"]
[Result "0-1"]
[WhiteElo "1462"]
[BlackElo "2097"]

1. d4 d5 2. Nf3 Nc6 3. e3 Nf6 4. Nbd2 Bg4 5. c3 g6 6. Be2 Bg7 7. O-O O-O 8. b3
a5 9. Bb2 e6 10. Re1 Re8 11. Ne5 Bxe2 12. Qxe2 a4 13. Nxc6 bxc6 0-1

[Event "Let's Play Chess!"]
[Site "http://www.queenalice.com/game.php?id=1275195"]
[Date "2014.4.23"]
[Round "-"]
[White "theblackfox"]
[Black "bluemoon"]
[Result "1-0"]
[WhiteElo "2099"]
[BlackElo "1460"]

1. e4 e6 2. d4 d5 3. e5 c5 4. Nc3 Nc6 5. Nf3 Bd7 6. Bg5 f6 7. exf6 Nxf6 8. Bd3
Be7 9. Nb5 a6 10. Nc3 cxd4 11. Ne2 e5 12. O-O e4 13. Bxe4 1-0

[Event "Challenge"]
[Site "http://www.queenalice.com/game.php?id=1275326"]
[Date "2014.4.23"]
[Round "-"]
[White "theblackfox"]
[Black "WarleyPereiraOliveira"]
[Result "0-1"]
[WhiteElo "2101"]
[BlackElo "2091"]

1. e4 d6 2. d4 Nf6 3. Nc3 g6 4. Bg5 Bg7 5. Nf3 O-O 6. Bc4 c6 7. Qd2 Qa5 8. a4
Bg4 9. e5 Bxf3 10. gxf3 dxe5 11. dxe5 Qxe5+ 12. Ne2 Nbd7 13. O-O-O b5 14. axb5
cxb5 15. Bf4 Qc5 16. Bb3 a5 17. c3 a4 18. Ba2 b4 19. Be3 Qc7 20. Nd4 a3 21. h4
axb2+ 22. Kxb2 bxc3+ 23. Qxc3 Rxa2+ 24. Kb3 Ra3+ 25. Kb4 Qxc3+ 26. Kb5 Qc5# 0-1

[Event "FriendGame"]
[Site "http://www.queenalice.com/game.php?id=1285065"]
[Date "2014.5.30"]
[Round "-"]
[White "WarleyPereiraOliveira"]
[Black "theblackfox"]
[Result "1-0"]
[WhiteElo "2132"]
[BlackElo "2101"]

1. d4 d5 2. c4 Nf6 3. Nc3 Bf5 4. Bg5 h6 5. Bxf6 exf6 6. Nxd5 Nc6 7. a3 g5 8. e3
Qd6 9. Bd3 Be6 10. Nxf6+ Ke7 11. Ne4 Qd7 12. d5 Bxd5 13. cxd5 Qxd5 14. Nf3 Re8
15. O-O Kd8 16. Nf6 Qe6 17. Nxe8 Qxe8 18. Rc1 Bg7 19. Qc2 a5 20. Rfd1 Kc8 21.
Bf5+ Kb8 22. Bd7 Qe7 23. Bxc6 bxc6 24. Qxc6 g4 25. Rd7 Qf8 26. Qxc7+ Ka8 27.
Qb7# 1-0

[Event "Challenge"]
[Site "http://www.queenalice.com/game.php?id=1286860"]
[Date "2014.6.8"]
[Round "-"]
[White "theblackfox"]
[Black "WarleyPereiraOliveira"]
[Result "0-1"]
[WhiteElo "2101"]
[BlackElo "2151"]

1. e4 d6 2. Nf3 g6 3. Nc3 Bg7 4. Bc4 Bg4 5. h3 Bxf3 6. Qxf3 Nf6 7. d4 O-O 8. Bg5
Nbd7 9. O-O-O c5 10. e5 Ne8 11. exd6 Nxd6 12. Bb3 cxd4 13. Nd5 Nf6 14. Rxd4 Nxd5
15. Rxd5 Qc7 16. h4 e6 17. Rd3 Nc4 18. Bf4 Bxb2+ 19. Kb1 e5 20. Bh6 Rfe8 21. Qf6
e4 22. Qxb2 Nxb2 23. Kxb2 exd3 24. c3 Re2+ 25. Ka3 Qc5+ 26. Ka4 Re4+ 27. c4 b5+
28. Ka5 bxc4+ 29. Ka6 Qb6# 0-1

[Event "Let's Play Chess!"]
[Site "http://www.queenalice.com/game.php?id=1332068"]
[Date "2015.1.1"]
[Round "-"]
[White "theblackfox"]
[Black "bluemoon2"]
[Result "0-1"]
[WhiteElo "2108"]
[BlackElo "1959"]

1. e4 c5 2. d4 cxd4 3. Qxd4 Nc6 4. Qa4 e6 5. Nf3 Bc5 6. Nc3 Nge7 7. Bg5 f6 8.
Be3 Bxe3 9. fxe3 O-O 10. Bb5 Qb6 11. O-O-O a6 12. h4 Rd8 13. g4 d5 14. g5 Qxe3+
15. Nd2 d4 16. Nb1 f5 17. Rhe1 Qf4 18. exf5 Qxf5 19. Nc4 Qxb5 20. Qxb5 axb5 21.
Ne5 Nf5 22. c3 Nxe5 23. Rxe5 Ra6 24. a3 Rad6 25. Rxb5 Nxh4 26. a4 Nf3 27. Na3 e5
28. Nc4 Rd5 29. Rb3 Nxg5 30. Nb6 Ra5 31. Nc4 Rxa4 32. Na3 d3 33. c4 e4 34. c5
Ne6 35. Kb1 Nxc5 36. Rc3 Ne6 37. Nc4 Rb4 38. Ne5 Nf4 39. Rc7 Nd5 40. Rc5 Ne3 41.
Rd2 Bf5 42. Rc7 Ra8 43. Nd7 Nc2 44. Rc5 Ra1# 0-1

[Event "Challenge"]
[Site "http://www.queenalice.com/game.php?id=1342441"]
[Date "2015.2.18"]
[Round "-"]
[White "theblackfox"]
[Black "Bira47"]
[Result "0-1"]
[WhiteElo "2122"]
[BlackElo "2172"]

1. e4 c5 2. d4 cxd4 3. Qxd4 Nc6 4. Qa4 Qa5+ 5. Nc3 Qxa4 6. Nxa4 e6 7. Nf3 h6 8.
Be3 Nf6 9. Bd3 b6 10. O-O Bb7 11. e5 Nd5 12. c4 Nxe3 13. fxe3 Nb4 14. Be2 Rc8
15. a3 Nc2 16. Ra2 Nxe3 17. Re1 Be7 18. b4 O-O 19. Nc3 f5 20. Bd3 Nxc4 21. Nd4
a6 22. b5 a5 23. a4 Bg5 24. Nce2 Be3+ 25. Kh1 Nxe5 26. Nc2 Nxd3 27. Rd1 Nf2+ 28.
Kg1 Nxd1+ 29. Nxe3 Nxe3 30. Nd4 e5 31. Nf3 Bxf3 32. gxf3 Rc2 33. Ra1 Rfc8 34. h4
Rc1+ 35. Rxc1 Rxc1+ 36. Kf2 f4 37. h5 Ra1 38. Ke2 d5 39. Kd2 Rxa4 40. Kc3 Rc4+
41. Kd3 e4+ 42. fxe4 dxe4+ 43. Ke2 a4 44. Kd2 a3 45. Ke2 a2 46. Kf2 a1=Q 47. Ke2
Rc2# 0-1

[Event "Challenge"]
[Site "http://www.queenalice.com/game.php?id=1354392"]
[Date "2015.4.19"]
[Round "-"]
[White "theblackfox"]
[Black "Bira47"]
[Result "0-1"]
[WhiteElo "2122"]
[BlackElo "2158"]

1. e4 c5 2. d4 cxd4 3. Qxd4 Nc6 4. Qa4 Qa5+ 5. Nc3 Qxa4 6. Nxa4 a6 7. Nb6 Rb8 8.
Bf4 d6 9. Nf3 e5 10. Bg3 Be7 11. Bc4 h6 12. O-O Nf6 13. a4 O-O 0-1

[Event "Challenge"]
[Site "http://www.queenalice.com/game.php?id=1354393"]
[Date "2015.4.19"]
[Round "-"]
[White "Bira47"]
[Black "theblackfox"]
[Result "1-0"]
[WhiteElo "2136"]
[BlackElo "2122"]

1. c4 d5 2. g3 Nc6 3. b3 Nf6 4. Bg2 g6 5. Bb2 Bg7 6. e3 O-O 7. Ne2 Bg4 8. O-O a5
9. Nbc3 d4 10. Ne4 d3 11. Nxf6+ Bxf6 12. Bxf6 exf6 13. f3 1-0